000 01391nam a22003977a 4500
003 CHAP
005 20220329140716.0
008 971013s1993 r 00010 d
010 _a56340
011 _a57312
035 _a61466
040 _cCHAP
082 _a631.87
_bK8
100 0 0 _aKumarasinghe, K. S.
_eed.
_964080
245 _aIsotopic studies of Azolla and nitrogen fertilization of rice
_b: report of...
260 _aDordrecht :
_bKluwer,
_c1993
300 _a145 p.
_b: ilus.
490 _aDevelopments in plant and soil sciences
_v; 51
590 _aBATCH-UPD
_b10
_c20130109
_lUCH01
_h2319
590 _aBATCH-UPD
_b10
_c20130110
_lUCH01
_h0253
590 _aBATCH-UPD
_b10
_c20130110
_lUCH01
_h1406
590 _aBATCH-UPD
_b10
_c20130409
_lUCH01
_h1841
590 _aBATCH-UPD
_b10
_c20130409
_lUCH01
_h2324
590 _aBATCH-UPD
_b10
_c20130914
_lUCH01
_h0508
590 _aCONVERSION
_b10
_c20130109
_lUCH01
_h1330
650 1 4 _aAzolla.
_99120
650 1 4 _aEnergía atómica en agricultura.
_936898
650 1 4 _aFertilizantes nitrogenados.
_940596
650 1 4 _aFertilizantes para arroz.
_940602
650 1 4 _aRadioisótopos.
_993701
700 0 _aEskew, D. L.
_eed.
_937684
830 0 _aDevelopments in plant and soil sciences
_v; 51
_932288
901 _aBK
942 _cLIBRO
949 _a631.87 K8
_bBC
_cLIBRO
_d33724000040242
_eLIBRO
_gI.180426
_h89850
_i61466
_si
_t624.00
999 _c56340
_d56340